Länder in der EU (Europäische Union) - Statistiken

Allgemein
  • Dieses Quiz wurde 578 mal gespielt
  • Das Durchschnittsergebnis liegt bei 24 aus 27
Antworten auf der Karte
Die Antworten werden auf der Karte rot bzw. grün angezeigt, abhängig davon wie oft sie richtig erraten wurden.
 
Antwortstatistiken
Jahr Land % Korrekt
1952 (Gründungsmitglied) Deutschland
98%
1952 (Gründungsmitglied) Frankreich
98%
1986 Spanien
97%
1952 (Gründungsmitglied) Italien
96%
1995 Österreich
96%
2004 Polen
96%
1986 Portugal
96%
1995 Schweden
95%
1995 Finnland
94%
1981 Griechenland
94%
1952 (Gründungsmitglied) Niederlande
94%
1952 (Gründungsmitglied) Belgien
93%
1973 Irland
93%
1952 (Gründungsmitglied) Luxemburg
93%
2004 Tschechien
93%
1973 Dänemark
92%
2013 Kroatien
91%
2004 Estland
90%
2004 Litauen
89%
2004 Ungarn
89%
2004 Lettland
88%
2004 Slowakei
86%
2004 Slowenien
86%
2007 Rumänien
85%
2007 Bulgarien
84%
2004 Malta
77%
2004 Zypern
60%
Keine übereinstimmenden Quizze gefunden
Verteilung der Resultate
Anzahl Personen mit jedem Resultat
Perzentil nach korrekt beantworteten Fragen
Ihre Resultats-Entwicklung
Sie haben dieses Quiz noch nicht gespielt